Εφαρμογές πληροφορικής - υπολογιστών : α', β'/γ' ενιαίου λυκείου

Αποθηκεύτηκε σε:
Λεπτομέρειες βιβλιογραφικής εγγραφής
Συγγραφή απο Οργανισμό/Αρχή: Υπουργείο Εθνικής Παιδείας και Θρησκευμάτων Παιδαγωγικό Ινστιτούτο
Άλλοι συγγραφείς: Γιακουμάκης, Εμμανουήλ Α.
Μορφή: Βιβλίο
Γλώσσα:Greek
Δημοσίευση: Αθήνα : Οργανισμός Εκδόσεως Διδακτικών Βιβλίων, 2002.
Θέματα:
Ετικέτες: Προσθήκη ετικέτας
Δεν υπάρχουν, Καταχωρήστε ετικέτα πρώτοι!

MARC

LEADER 00000cam a2200000 i 4500
001 1/74179
008 050323s2002 gr | ||| |||| ||gre||
035 |l 10077306 
040 |a GR-MyUA  |b gre  |e AACR2 
041 0 |a gre 
082 0 |a 004  |2 (21) 
245 1 0 |a Εφαρμογές πληροφορικής - υπολογιστών :   |b α', β'/γ' ενιαίου λυκείου /   |c Ε. Γιακουμάκης ... [κ. ά.].  
260 |a Αθήνα :   |b Οργανισμός Εκδόσεως Διδακτικών Βιβλίων,   |c 2002.  
300 |a 439 σ. :   |b εικ. ;   |c 28 εκ.  
650 0 0 |a Computers  |x Study and teaching  |x Problems, exercises etc. 
650 0 0 |a Computer architecture  |x Study and teaching  |x Problems, exercises etc. 
650 0 0 |a Computer engineering  |x Study and teaching  |x Problems, exercises etc. 
650 0 0 |a Software engineering  |x Study and teaching  |x Problems, exercises etc. 
650 0 0 |a Electronic data processing  |x Study and teaching. 
650 0 0 |a Internet  |x Study and teaching. 
700 1 |a Γιακουμάκης, Εμμανουήλ Α. 
710 2 |a Υπουργείο Εθνικής Παιδείας και Θρησκευμάτων  |b Παιδαγωγικό Ινστιτούτο. 
852 |a INST  |b SAMOS  |e 20050323  |h 004 ΕΦΑ  |p 005300025299  |q 005300025299  |t BK  |y 0 
901 |a BIBL3-2005-1 
909 |a Σ  |b 114406 
970 |a ΜΑΛΑΓΑΡΗ  |b ΦΩΤΕΙΝΗ  |z 2005/03/23